| 000 | 00620nam a2200133Ia 4500 | ||
|---|---|---|---|
| 008 | 171212s9999 xx 000 0 und d | ||
| 020 | _a9780833088239 | ||
| 100 | _aPezard, Stephanie;Shurkin, Michael | ||
| 245 |
_cPezard, Stephanie;Shurkin, Michael _aAchieving Peace in Northern Mali _bPast Agreements, Local Conflicts, and the Prospects for a Durable Settlement |
||
| 260 |
_bRAND Corporation _c2015 |
||
| 650 | _aHistory | ||
| 650 | _aMali -- History -- Tuareg Rebellion, 2012-; Mal -- History -- Coup d'etat, 2012; Mali -- Politics and government -- 1991- | ||
| 856 | _uhttp://www.jstor.org/stable/10.7249/j.ctt15zc57q | ||
| 999 |
_c351674 _d351674 |
||